[Event "XIII Festival A"]
[Site "Porto San Giorgio ITA"]
[Date "2001.08.25"]
[Round "5"]
[White "Bagaturov, Giorgi"]
[Black "Mrdja, Milan"]
[Result "1-0"]
[WhiteElo "2489"]
[BlackElo "2399"]
[PlyCount "59"]
[EventDate "2001.08.21"]

1.d4 Nf6 2.c4 g6 3.Nf3 Bg7 4.g3 O-O 5.Bg2 c6 6.Nc3 d6 7.O-O Qa5 8.e4 e5 9.
h3 exd4 10.Nxd4 Ne8 11.Be3 Qb4 12.Qe2 Bxd4 13.Bxd4 Be6 14.Qd2 Qxc4 15.Rfc1
Qa6 16.e5 Nd7 17.Ne4 Nxe5 18.Qh6 f6 19.Bxe5 Rd8 20.Bc3 Bd5 21.Re1 Rd7 22.
Qh4 Bxe4 23.Qxe4 d5 24.Qe6+ Rdf7 25.Bb4 Ng7 26.Qe3 Rd8 27.Bf1 b5 28.a4 f5 
29.Qc5 Qb7 30.axb5 1-0

[Event "XIII Festival A"]
[Site "Porto San Giorgio ITA"]
[Date "2001.08.25"]
[Round "5"]
[White "Bruno, Fabio"]
[Black "Popchev, Milko"]
[Result "0-1"]
[WhiteElo "2260"]
[BlackElo "2447"]
[PlyCount "86"]
[EventDate "2001.08.21"]

1.c4 d6 2.Nc3 g6 3.g3 Bg7 4.Bg2 Nf6 5.e4 c5 6.Nge2 Nc6 7.O-O O-O 8.h3 Ne8 
9.d3 Nc7 10.Rb1 Rb8 11.f4 Bd7 12.f5 b5 13.Bg5 Ne5 14.b3 b4 15.Nd5 Nxd5 16.
exd5 Bxf5 17.Rxf5 gxf5 18.Qd2 Qd7 19.d4 Ng6 20.Rf1 f4 21.Bxf4 Nxf4 22.Qxf4
e5 23.dxe5 Bxe5 24.Qg5+ Kh8 25.Be4 Rg8 26.Qh5 Rg7 27.Rf5 Qe7 28.Qf3 Bxg3 
29.Nxg3 Rxg3+ 30.Qxg3 Rg8 31.Qxg8+ Kxg8 32.Bg2 Qe3+ 33.Rf2 a5 34.Bf1 h5 
35.Kg2 h4 36.Re2 Qg3+ 37.Kh1 Kf8 38.Bg2 f5 39.Kg1 Kf7 40.Re6 f4 41.Re2 Kf6
42.Re8 Kf5 43.Re4 Qxg2+ 0-1

[Event "XIII Festival A"]
[Site "Porto San Giorgio ITA"]
[Date "2001.08.25"]
[Round "5"]
[White "Bukal, Vladimir jr"]
[Black "Marzano, Carlo"]
[Result "1-0"]
[WhiteElo "2411"]
[BlackElo "2253"]
[PlyCount "81"]
[EventDate "2001.08.21"]

1.d4 d6 2.Nf3 g6 3.c4 Bg7 4.Nc3 e5 5.g3 exd4 6.Nxd4 Nc6 7.Nxc6 bxc6 8.Bg2 
Ne7 9.O-O O-O 10.Qc2 Rb8 11.b3 c5 12.Bb2 Bb7 13.Nd5 Nxd5 14.cxd5 Re8 15.
Rfe1 Bxb2 16.Qxb2 f5 17.Qa3 Re5 18.Rad1 a6 19.b4 cxb4 20.Qxb4 Bxd5 21.
Bxd5+ Rxd5 22.Qc4 c6 23.Rxd5 cxd5 24.Qxd5+ Kf8 25.Qd4 Qb6 26.Qh8+ Kf7 27.
Qxh7+ Kf6 28.Rc1 Re8 29.Qh4+ Kg7 30.Qc4 Qc5 31.Qf4 Qe5 32.Rc7+ Kf6 33.Qh4+
Ke6 34.e3 Qa1+ 35.Kg2 Qxa2 36.Qh7 Qd5+ 37.Kh3 Ke5 38.Qg7+ Ke4 39.Qc3 Qd3 
40.Rc4+ Kf3 41.Qxd3 1-0

[Event "XIII Festival A"]
[Site "Porto San Giorgio ITA"]
[Date "2001.08.25"]
[Round "5"]
[White "Calandri, Fausto"]
[Black "Martorelli, Antonio"]
[Result "1/2-1/2"]
[WhiteElo "2101"]
[BlackElo "2304"]
[PlyCount "81"]
[EventDate "2001.08.21"]

1.e4 c5 2.c3 Nf6 3.e5 Nd5 4.d4 cxd4 5.Nf3 e6 6.cxd4 d6 7.Bc4 Be7 8.O-O O-O
9.Qe2 b6 10.Nc3 Nxc3 11.bxc3 Bb7 12.Bf4 Qc7 13.exd6 Bxd6 14.Bxd6 Qxd6 15.
Bd3 Nd7 16.Rac1 Rac8 17.Ba6 Qc6 18.Bxb7 Qxb7 19.c4 Rc7 20.a4 Qa6 21.Qa2 
Rfc8 22.Nd2 Qa5 23.Rc2 h6 24.h3 e5 25.d5 Nc5 26.Ra1 Nd3 27.Qa3 Nf4 28.Rb2 
Rd7 29.Qe3 Qc5 30.a5 bxa5 31.Rb5 Qe7 32.Kh2 f5 33.Rbxa5 Rcc7 34.Ra6 Kh7 
35.R1a4 Rb7 36.Nf3 Rb2 37.Qxe5 Qxe5 38.Nxe5 Re7 39.c5 Rxe5 40.Rxf4 Rxd5 
41.Rxa7 1/2-1/2

[Event "XIII Festival A"]
[Site "Porto San Giorgio ITA"]
[Date "2001.08.25"]
[Round "5"]
[White "Cazzaniga, Walter"]
[Black "Scalcione, Michelangelo"]
[Result "0-1"]
[WhiteElo "2125"]
[BlackElo "2249"]
[PlyCount "120"]
[EventDate "2001.08.21"]

1.d4 Nf6 2.c4 g6 3.Nc3 Bg7 4.e4 O-O 5.Nf3 d6 6.Be2 e5 7.Be3 exd4 8.Nxd4 
Re8 9.f3 c6 10.Qd2 d5 11.exd5 cxd5 12.O-O dxc4 13.Rad1 a6 14.Bxc4 b5 15.
Bb3 Bb7 16.Qf2 Nbd7 17.a4 b4 18.Ne4 Qe7 19.Bg5 h6 20.Nxf6+ Nxf6 21.Bh4 Qc5
22.Nc2 Qxf2+ 23.Rxf2 g5 24.Bg3 a5 25.Rfd2 Bc8 26.Rd8 Be6 27.Rxa8 Rxa8 28.
Nd4 Bxb3 29.Nxb3 Nh5 30.Bc7 Bxb2 31.Bxa5 Bf6 32.g3 Ng7 33.Rd2 Ne6 34.Rd5 
Bc3 35.Kf1 Bg7 36.Ke2 Rc8 37.Bxb4 Rc2+ 38.Bd2 Rb2 39.Nc5 Nd4+ 40.Kd3 Nxf3 
41.Bc3 Ra2 42.Bxg7 Kxg7 43.h3 Ng1 44.Kc4 Nxh3 45.Kb3 Ra1 46.Kb2 Re1 47.a5 
Re8 48.a6 h5 49.Kc3 h4 50.gxh4 g4 51.a7 Ra8 52.Rd7 Kh6 53.Ne4 f5 54.Ng3 f4
55.Nf5+ Kg6 56.Ne7+ Kh5 57.Kd4 g3 58.Rd5+ Kg4 59.Ng6 g2 60.Ne5+ Kg3 0-1

[Event "XIII Festival A"]
[Site "Porto San Giorgio ITA"]
[Date "2001.08.25"]
[Round "5"]
[White "Cerquitella, Luca"]
[Black "Coratella, Giuseppe"]
[Result "0-1"]
[WhiteElo "1909"]
[BlackElo "2163"]
[PlyCount "75"]
[EventDate "2001.08.21"]

1.e4 e6 2.d4 d5 3.Nc3 Nf6 4.Bg5 Be7 5.e5 Nfd7 6.h4 Bxg5 7.hxg5 Qxg5 8.Nh3 
Qe7 9.Nf4 Nc6 10.Qg4 g6 11.O-O-O Nb6 12.Rh6 Bd7 13.Qh3 O-O-O 14.Rxh7 Rhf8 
15.Qg3 Qb4 16.a3 Qa5 17.Nh3 f6 18.exf6 Rxf6 19.Qg5 Rdf8 20.Rh8 Rxh8 21.
Qxf6 Re8 22.Nf4 g5 23.Qxg5 e5 24.dxe5 d4 25.Ne4 Rxe5 26.Qg8+ Re8 27.Qg6 
Qe5 28.Nf6 Qxf4+ 29.Kb1 Rf8 30.Nxd7 Nxd7 31.g3 Qxf2 32.Bh3 Qf7 33.Qg4 Rg8 
34.Qe4 Kb8 35.Rf1 Nc5 36.Qe2 Qg6 37.Qc4 Ne4 38.Rd1 0-1

[Event "XIII Festival A"]
[Site "Porto San Giorgio ITA"]
[Date "2001.08.25"]
[Round "5"]
[White "Citti, Gianluca"]
[Black "Rago, Riccardo"]
[Result "1/2-1/2"]
[WhiteElo "2154"]
[BlackElo "2220"]
[PlyCount "26"]
[EventDate "2001.08.21"]

1.e4 c5 2.Nc3 d6 3.g3 Nc6 4.Bg2 e5 5.d3 g6 6.Be3 Bg7 7.Qd2 Nge7 8.f4 Nd4 
9.Nf3 O-O 10.O-O Bg4 11.Rae1 Qd7 12.Nh4 f6 13.fxe5 fxe5 1/2-1/2

[Event "XIII Festival A"]
[Site "Porto San Giorgio ITA"]
[Date "2001.08.25"]
[Round "5"]
[White "Del Dotto, Riccardo"]
[Black "Aleksic, Nenad"]
[Result "1/2-1/2"]
[WhiteElo "2175"]
[BlackElo "2416"]
[PlyCount "60"]
[EventDate "2001.08.21"]

1.e4 c5 2.Nc3 a6 3.a4 e6 4.Nge2 Nc6 5.g3 Nf6 6.Bg2 Be7 7.O-O O-O 8.d3 Rb8 
9.f4 d5 10.exd5 exd5 11.f5 d4 12.Ne4 Nb4 13.Bf4 Ra8 14.Bd2 a5 15.h3 Ra7 
16.g4 Nxe4 17.Bxe4 b6 18.Ng3 Bh4 19.Nh5 f6 20.Nf4 Bg5 21.c3 Bxf4 22.Bxf4 
Nd5 23.Qb3 Bb7 24.Rae1 Kh8 25.cxd4 Nxf4 26.Rxf4 Qxd4+ 27.Kg2 Qd6 28.Rf2 
Bxe4+ 29.Rxe4 Rd7 30.Rfe2 h6 1/2-1/2

[Event "XIII Festival A"]
[Site "Porto San Giorgio ITA"]
[Date "2001.08.25"]
[Round "5"]
[White "Della Pietra, Andrea"]
[Black "Bottino, Alexiei"]
[Result "1/2-1/2"]
[WhiteElo "2186"]
[BlackElo "2117"]
[PlyCount "142"]
[EventDate "2001.08.21"]

1.d4 Nf6 2.c4 g6 3.Nc3 d5 4.Nf3 Bg7 5.Qb3 dxc4 6.Qxc4 O-O 7.e4 Na6 8.Be2 
c5 9.d5 e6 10.O-O exd5 11.exd5 Bf5 12.Rd1 Bc2 13.Re1 Re8 14.Bf4 Qb6 15.
Rac1 Bf5 16.Ne5 Rad8 17.g4 g5 18.gxf5 gxf4 19.Qxf4 Nxd5 20.Nxd5 Rxd5 21.
Ng4 Qd6 22.Qxd6 Rxd6 23.Bxa6 Rxe1+ 24.Rxe1 Rxa6 25.Re8+ Bf8 26.f6 h5 27.
Nh6+ Kh7 28.Nxf7 Rxf6 29.Rxf8 Kg7 30.Rc8 Rxf7 31.Rxc5 Kg6 32.Kg2 Rd7 33.
Rb5 b6 34.Kg3 Rd4 35.f3 Rd3 36.h3 Rd4 37.h4 Rd2 38.Rb4 Rd5 39.Kf4 Kf6 40.
Ke4 Re5+ 41.Kd3 Kf5 42.a4 Re1 43.Rb5+ Kg6 44.Rg5+ Kh6 45.Rd5 Rh1 46.Rd4 
Kg6 47.Rf4 Rc1 48.b3 a6 49.Kd4 b5 50.axb5 axb5 51.Kd5 Rc2 52.Kd6 Rc3 53.b4
Rc2 54.Ke5 Rc3 55.Ke6 Re3+ 56.Kd7 Rc3 57.Kd6 Rc1 58.Ke6 Rc6+ 59.Ke5 Rc3 
60.Rf6+ Kg7 61.f4 Rc4 62.Rb6 Rxb4 63.Rb7+ Kg8 64.Kf5 Rb1 65.Kg6 Kf8 66.
Kxh5 b4 67.Kg6 b3 68.Kf6 Kg8 69.f5 b2 70.h5 Kh8 71.Rb3 Kh7 1/2-1/2

[Event "XIII Festival A"]
[Site "Porto San Giorgio ITA"]
[Date "2001.08.25"]
[Round "5"]
[White "Efimov, Igor"]
[Black "Todorov, Ognjan"]
[Result "1/2-1/2"]
[WhiteElo "2474"]
[BlackElo "2349"]
[PlyCount "87"]
[EventDate "2001.08.21"]

1.d4 d5 2.Nf3 Nf6 3.c4 dxc4 4.e3 Bg4 5.Bxc4 e6 6.Nc3 Nbd7 7.h3 Bh5 8.O-O 
Bb4 9.Re1 O-O 10.g4 Bg6 11.Bf1 h5 12.gxh5 Bxh5 13.Bg2 c5 14.a3 Ba5 15.Qa4 
cxd4 16.Qxd4 Nd5 17.Bd2 Nxc3 18.Bxc3 Bxc3 19.Qxc3 Rc8 20.Qd4 Nc5 21.Rad1 
Qe7 22.Qc3 Bxf3 23.Bxf3 Qh4 24.Rd4 Qxh3 25.Rg4 g6 26.Qf6 Qh8 27.Qg5 Nd3 
28.Rd1 Ne5 29.Rg3 Nxf3+ 30.Rxf3 Qxb2 31.e4 Rc3 32.Rf6 Rc7 33.Kg2 Rc5 34.
Rxg6+ fxg6 35.Qxc5 b6 36.Qe3 Qe5 37.f3 Rf7 38.Qh6 Qg7 39.Qc1 Qe5 40.Rd8+ 
Kg7 41.Qc8 Qg5+ 42.Kf2 Qh4+ 43.Kg2 Qg5+ 44.Kf2 1/2-1/2

[Event "XIII Festival A"]
[Site "Porto San Giorgio ITA"]
[Date "2001.08.25"]
[Round "5"]
[White "Iordachescu, Viorel"]
[Black "Glek, Igor V."]
[Result "0-1"]
[WhiteElo "2562"]
[BlackElo "2574"]
[PlyCount "80"]
[EventDate "2001.08.21"]

1.e4 e6 2.d3 c5 3.Nf3 Nc6 4.c3 Nf6 5.g3 d5 6.Nbd2 g6 7.Bg2 Bg7 8.O-O O-O 
9.e5 Nd7 10.d4 f6 11.exf6 Bxf6 12.dxc5 Nxc5 13.Nb3 Nxb3 14.Qxb3 Na5 15.Qd1
e5 16.Bh6 Re8 17.Ng5 e4 18.h4 Nc4 19.Qc2 Bg4 20.Rad1 Bxd1 21.Rxd1 Qa5 22.
Qb3 Bxg5 23.Bxg5 b6 24.Bh3 Qc5 25.Rd4 Qc6 26.h5 gxh5 27.Qd1 Qg6 28.Rxd5 e3
29.Bf1 exf2+ 30.Kxf2 Ne5 31.Bf4 Ng4+ 32.Kg1 Ne3 33.Qd2 Nxd5 34.Qxd5+ Qf7 
35.Qg5+ Kh8 36.b3 Re1 37.Kh2 Rae8 38.Bc4 Qg6 39.Qd5 R8e2+ 40.Bxe2 Rxe2+ 
0-1

[Event "XIII Festival A"]
[Site "Porto San Giorgio ITA"]
[Date "2001.08.25"]
[Round "5"]
[White "Isonzo, David"]
[Black "Suppa, Ercole"]
[Result "1-0"]
[WhiteElo "2315"]
[BlackElo "2126"]
[PlyCount "59"]
[EventDate "2001.08.21"]

1.e4 e6 2.d4 d5 3.Nc3 Nf6 4.Bg5 dxe4 5.Nxe4 Nbd7 6.Nf3 h6 7.Nxf6+ Nxf6 8.
Bh4 a6 9.Bd3 c5 10.dxc5 Qa5+ 11.c3 Qxc5 12.O-O Bd7 13.Qe2 Bd6 14.Rad1 Qh5 
15.Bc4 Bxh2+ 16.Kxh2 g5 17.Rd4 gxh4 18.Rxh4 Qc5 19.Ne5 h5 20.Re1 Qe7 21.
Kg1 Rg8 22.Rf4 Rg7 23.Qf3 Ng4 24.Nxd7 Qxd7 25.Bxe6 fxe6 26.Rf8+ Ke7 27.
Rxa8 Rf7 28.Qe4 Nxf2 29.Qh4+ Rf6 30.Rf8 1-0

[Event "XIII Festival A"]
[Site "Porto San Giorgio ITA"]
[Date "2001.08.25"]
[Round "5"]
[White "Laketic, Gojko"]
[Black "D'Innocente, Stefano"]
[Result "1-0"]
[WhiteElo "2444"]
[BlackElo "2123"]
[PlyCount "103"]
[EventDate "2001.08.21"]

1.d4 Nf6 2.c4 g6 3.Nc3 Bg7 4.e4 d6 5.Nf3 O-O 6.Be2 e5 7.d5 a5 8.Bg5 h6 9.
Bh4 Na6 10.Nd2 Qe8 11.Rb1 Bd7 12.b3 h5 13.a3 Nh7 14.f3 Bh6 15.Bf2 Qe7 16.
h4 Rfb8 17.Qc2 c5 18.Nb5 f5 19.Bd3 Rf8 20.Kd1 Kg7 21.Re1 f4 22.Rh1 Rf7 23.
Rb2 Nf6 24.Nb1 Rh8 25.Be1 b6 26.N1c3 g5 27.Na4 Rb8 28.hxg5 Bxg5 29.Qc3 
Bxb5 30.cxb5 Nc7 31.Bc4 Nd7 32.Rxh5 Kg6 33.Rh3 Rh7 34.b4 axb4 35.axb4 Rbh8
36.bxc5 dxc5 37.d6 Qxd6+ 38.Rd2 Qf8 39.Qd3 Qa8 40.Rxh7 Qxa4+ 41.Ke2 Rxh7 
42.Ra2 Qxa2+ 43.Bxa2 Nf6 44.Bc4 Rd7 45.Qa3 Rd4 46.Qb3 Nh5 47.Bf7+ Kh6 48.
Bxh5 c4 49.Qa4 Kxh5 50.Qa7 Nxb5 51.Qh7+ Bh6 52.Qf7+ 1-0

[Event "XIII Festival A"]
[Site "Porto San Giorgio ITA"]
[Date "2001.08.25"]
[Round "5"]
[White "Rausis, Igors"]
[Black "Cocchi, Andrea"]
[Result "1-0"]
[WhiteElo "2463"]
[BlackElo "2270"]
[PlyCount "61"]
[EventDate "2001.08.21"]

1.e4 c5 2.c3 g6 3.d4 b6 4.Bg5 cxd4 5.cxd4 Bg7 6.Nc3 Bb7 7.Rc1 a6 8.Bc4 Nf6
9.e5 O-O 10.d5 b5 11.Bb3 b4 12.Na4 Ne4 13.Be3 d6 14.f3 Nc5 15.Nxc5 dxc5 
16.f4 Nd7 17.Nf3 Rc8 18.O-O Nb6 19.Rxc5 Rxc5 20.Bxc5 Nxd5 21.Qd4 a5 22.Rd1
e6 23.Ng5 Qc7 24.Bxf8 Bxf8 25.Ne4 Be7 26.Bxd5 exd5 27.Nf6+ Kh8 28.Kh1 Qc2 
29.e6 Bc5 30.exf7 Kg7 31.Nd7+ 1-0

[Event "XIII Festival A"]
[Site "Porto San Giorgio ITA"]
[Date "2001.08.25"]
[Round "5"]
[White "Ristic, Nenad"]
[Black "Inkiov, Ventzislav V."]
[Result "1/2-1/2"]
[WhiteElo "2424"]
[BlackElo "2470"]
[PlyCount "25"]
[EventDate "2001.08.21"]

1.Nf3 Nf6 2.c4 e6 3.g3 d5 4.Bg2 dxc4 5.Qa4+ Nbd7 6.O-O a6 7.Qxc4 c5 8.Qc2 
Ra7 9.d4 b6 10.dxc5 Bxc5 11.Nc3 Bb7 12.Bf4 O-O 13.a3 1/2-1/2

[Event "XIII Festival A"]
[Site "Porto San Giorgio ITA"]
[Date "2001.08.25"]
[Round "5"]
[White "Rotstein, Arkadij"]
[Black "Lauria, Amilcare"]
[Result "1-0"]
[WhiteElo "2499"]
[BlackElo "2159"]
[PlyCount "35"]
[EventDate "2001.08.21"]

1.e4 g6 2.d4 Bg7 3.Nc3 d6 4.Be3 Nf6 5.f3 c6 6.Qd2 Qa5 7.O-O-O Nbd7 8.Kb1 
a6 9.Bh6 Bxh6 10.Qxh6 c5 11.Nge2 b5 12.dxc5 b4 13.Nd5 Qxc5 14.Nef4 Rg8 15.
Nd3 Qa5 16.N3xb4 Nxd5 17.Nxd5 e6 18.Ne3 1-0

[Event "XIII Festival A"]
[Site "Porto San Giorgio ITA"]
[Date "2001.08.25"]
[Round "5"]
[White "Sbraccia, Giovanni"]
[Black "Corti, Corrado"]
[Result "1-0"]
[WhiteElo "2121"]
[BlackElo "2034"]
[PlyCount "124"]
[EventDate "2001.08.21"]

1.Nf3 d5 2.g3 g6 3.Bg2 Bg7 4.O-O Nf6 5.d3 O-O 6.Nbd2 Nbd7 7.e4 dxe4 8.dxe4
Nc5 9.Qe2 c6 10.Rb1 Qc7 11.Re1 Be6 12.b3 Rad8 13.a4 Bh6 14.Bb2 Bg4 15.e5 
Rxd2 16.Qc4 Bxf3 17.exf6 exf6 18.Bxf3 Ne6 19.Bxf6 Bg7 20.Bxg7 Nxg7 21.Qb4 
Rfd8 22.Re7 R2d7 23.Re2 Ne6 24.Rbe1 Qd6 25.Qh4 Qf8 26.c3 Nc5 27.Bg4 Rd1 
28.Rxd1 Rxd1+ 29.Kg2 Qd8 30.Re7 Rd5 31.Qf6 Qf8 32.b4 Nxa4 33.Be6 fxe6 34.
Qxe6+ Kh8 35.Re8 Qxe8 36.Qxe8+ Kg7 37.c4 Rf5 38.c5 Rf7 39.Qe5+ Kg8 40.Qe6 
Kg7 41.Qa2 b5 42.Qe6 Rf6 43.Qd7+ Kg8 44.Qd4 Kf7 45.f4 h5 46.h3 Ke7 47.g4 
hxg4 48.hxg4 Kf7 49.Kf3 Ke7 50.Qe5+ Kf7 51.f5 gxf5 52.gxf5 Nc3 53.Qxc3 
Rxf5+ 54.Ke4 Rd5 55.Qa1 Rd7 56.Qa6 Rc7 57.Ke5 Ke7 58.Qa2 Kd7 59.Qg8 Rb7 
60.Qf7+ Kc8 61.Qf8+ Kd7 62.Qd6+ Kc8 1-0

[Event "XIII Festival A"]
[Site "Porto San Giorgio ITA"]
[Date "2001.08.25"]
[Round "5"]
[White "Scharrer, Patrick"]
[Black "Ventura, Sergio"]
[Result "1-0"]
[WhiteElo "2054"]
[BlackElo "2192"]
[PlyCount "85"]
[EventDate "2001.08.21"]

1.e4 Nc6 2.Nf3 e6 3.d4 d5 4.e5 b6 5.c3 Nce7 6.Bd3 a5 7.Qe2 Nf5 8.O-O h5 9.
Be3 Nge7 10.Nbd2 g6 11.Bg5 Bh6 12.Bf6 Bg7 13.Bxg7 Nxg7 14.c4 dxc4 15.Bxc4 
Bb7 16.Ne4 Ngf5 17.Rfd1 Bd5 18.Rac1 Kf8 19.Nf6 Kg7 20.Bxd5 Nxd5 21.Nxd5 
Qxd5 22.Qc4 Qxc4 23.Rxc4 Rac8 24.Rdc1 Rhd8 25.Rxc7 Rxc7 26.Rxc7 Nxd4 27.
Ng5 Rd5 28.Rxf7+ Kg8 29.f4 Rc5 30.Rf6 Rc1+ 31.Kf2 Rc2+ 32.Kf1 Rxb2 33.
Rxg6+ Kf8 34.Nxe6+ Nxe6 35.Rxe6 b5 36.Rb6 b4 37.f5 b3 38.Rxb3 Rxa2 39.Rb8+
Kg7 40.Rb7+ Kh6 41.e6 Ra4 42.e7 Re4 43.Rb6+ 1-0

[Event "XIII Festival A"]
[Site "Porto San Giorgio ITA"]
[Date "2001.08.25"]
[Round "5"]
[White "Sciortino, Massimo"]
[Black "Timms, Nicholas D."]
[Result "1-0"]
[WhiteElo "2203"]
[BlackElo "2102"]
[PlyCount "37"]
[EventDate "2001.08.21"]

1.e4 c6 2.d4 d5 3.Nc3 dxe4 4.Nxe4 Nf6 5.Nxf6+ gxf6 6.c3 Qc7 7.Bd3 b6 8.Ne2
Nd7 9.Bf4 e5 10.dxe5 fxe5 11.Bg3 Bd6 12.Qc2 h5 13.h4 Nc5 14.Bf5 Be6 15.b4 
Bxf5 16.Qxf5 Nd7 17.O-O Ke7 18.Rae1 Rag8 19.f4 1-0

[Event "XIII Festival A"]
[Site "Porto San Giorgio ITA"]
[Date "2001.08.25"]
[Round "5"]
[White "Sibilio, Mario"]
[Black "Zaja, Ivan"]
[Result "0-1"]
[WhiteElo "2370"]
[BlackElo "2488"]
[PlyCount "66"]
[EventDate "2001.08.21"]

1.d4 e6 2.e4 d5 3.e5 c5 4.c3 Nc6 5.Nf3 Bd7 6.Bd3 Rc8 7.dxc5 Bxc5 8.Qe2 f6 
9.O-O fxe5 10.b4 e4 11.bxc5 exd3 12.Qxd3 Nf6 13.Bg5 Qe7 14.Qe3 O-O 15.Nbd2
e5 16.Nb3 Rce8 17.Nfd2 Qf7 18.Bxf6 Qxf6 19.f3 Qg6 20.Kh1 Bf5 21.Rfe1 Re7 
22.Nf1 Bd3 23.Ng3 e4 24.fxe4 dxe4 25.Nd2 h5 26.h3 h4 27.Ngf1 Ref7 28.Nh2 
Rf4 29.Ng4 Qf5 30.Rad1 Qd5 31.Nb3 Qg5 32.Kg1 Rxg4 33.hxg4 Rf1+ 0-1

[Event "XIII Festival A"]
[Site "Porto San Giorgio ITA"]
[Date "2001.08.25"]
[Round "5"]
[White "Tencati, Giuseppe"]
[Black "Ager, Josef"]
[Result "0-1"]
[WhiteElo "2099"]
[BlackElo "2248"]
[PlyCount "94"]
[EventDate "2001.08.21"]

1.d4 Nf6 2.c4 g6 3.Nf3 Bg7 4.g3 O-O 5.Bg2 d6 6.Nc3 Nc6 7.e4 e5 8.dxe5 Nxe5
9.Nxe5 dxe5 10.Bg5 c6 11.O-O Be6 12.b3 Qa5 13.Qc2 h6 14.Bd2 Qc7 15.Na4 
Rad8 16.Rad1 Bg4 17.f3 Bc8 18.Be3 b6 19.c5 b5 20.Nb2 Rfe8 21.Nd3 Nd7 22.f4
exf4 23.Bxf4 Qb7 24.Kh1 Nf6 25.Rde1 Ng4 26.Re2 h5 27.Bd6 Ne5 28.Nf4 Bf8 
29.Rd2 Bxd6 30.cxd6 Qb6 31.a4 bxa4 32.bxa4 Ba6 33.Re1 Kh7 34.h4 Qb4 35.Rb1
Qa3 36.Rb3 Qxa4 37.Qb1 Bc4 38.Rb4 Qa3 39.Kh2 a5 40.Rb7 Rxd6 41.Rxd6 Qxd6 
42.Qb6 Qd2 43.Qc5 a4 44.Ra7 Bb3 45.Kh3 Bd1 46.Rxf7+ Nxf7 47.Qxc6 Ne5 0-1

[Event "XIII Festival A"]
[Site "Porto San Giorgio ITA"]
[Date "2001.08.25"]
[Round "5"]
[White "Tomescu, Vlad"]
[Black "Ortega, Lexy"]
[Result "1-0"]
[WhiteElo "2417"]
[BlackElo "2498"]
[PlyCount "71"]
[EventDate "2001.08.21"]

1.d4 Nf6 2.c4 e6 3.Nc3 Bb4 4.f3 Nc6 5.e4 e5 6.d5 Nd4 7.a3 Be7 8.Bd3 Nh5 9.
Be3 Bc5 10.Bf2 a5 11.Nb5 Nf4 12.Bf1 Nxb5 13.Bxc5 Nd6 14.Be3 b6 15.b4 Ba6 
16.b5 Bb7 17.g3 Ng6 18.h4 f5 19.h5 Ne7 20.Bd3 O-O 21.g4 fxe4 22.fxe4 c6 
23.Rc1 cxb5 24.cxb5 Rc8 25.Rh2 Rxc1 26.Qxc1 Kh8 27.Rf2 Rxf2 28.Bxf2 Ng8 
29.Nf3 Nf6 30.Nxe5 Qe8 31.Qf4 Ndxe4 32.Bxe4 d6 33.Nf7+ Qxf7 34.g5 Qe8 35.
gxf6 Bxd5 36.fxg7+ 1-0

[Event "XIII Festival A"]
[Site "Porto San Giorgio ITA"]
[Date "2001.08.25"]
[Round "5"]
[White "Trent, Lawrence"]
[Black "Mola, Pietro"]
[Result "1/2-1/2"]
[WhiteElo "2249"]
[BlackElo "2261"]
[PlyCount "83"]
[EventDate "2001.08.21"]

1.e4 c5 2.Nc3 Nc6 3.f4 e6 4.Nf3 d5 5.Bb5 Nf6 6.Qe2 Be7 7.O-O O-O 8.Bxc6 
bxc6 9.d3 c4 10.dxc4 Ba6 11.Ne5 Qc7 12.Kh1 Bb4 13.exd5 Bxc3 14.bxc3 cxd5 
15.Be3 Ne4 16.Bd4 f6 17.Nd3 Bxc4 18.Qe1 Rae8 19.Rf3 Rf7 20.Qh4 h6 21.Qh5 
Rff8 22.Rg1 Qf7 23.Qh4 Rc8 24.Nf2 Nxf2+ 25.Qxf2 a6 26.a3 Qe7 27.g4 e5 28.
fxe5 fxe5 29.Rxf8+ Rxf8 30.Qe3 Re8 31.Re1 e4 32.Rg1 Qg5 33.Qxg5 hxg5 34.
Be3 Kf7 35.Rb1 Bb5 36.Rd1 Ke6 37.Re1 Rf8 38.Kg2 Rf3 39.Bd4 Rf7 40.Be3 Rc7 
41.Bd4 Ba4 42.Rb1 1/2-1/2

[Event "XIII Festival A"]
[Site "Porto San Giorgio ITA"]
[Date "2001.08.25"]
[Round "5"]
[White "Vianello, Enrico"]
[Black "Parrella, Alfredo"]
[Result "1/2-1/2"]
[WhiteElo "1960"]
[BlackElo "2174"]
[PlyCount "96"]
[EventDate "2001.08.21"]

1.d4 g6 2.e4 Bg7 3.Nc3 c5 4.d5 d6 5.Nge2 a6 6.a4 Nf6 7.g3 Nbd7 8.Bg2 b6 9.
O-O Rb8 10.Be3 Ng4 11.Bd2 O-O 12.Qc1 Re8 13.h3 Ngf6 14.Nd1 e6 15.dxe6 Rxe6
16.Nf4 Re8 17.Re1 Bb7 18.Nc3 Ne5 19.Nfd5 Nxd5 20.Nxd5 Bxd5 21.exd5 Nc4 22.
Rb1 Nxd2 23.Qxd2 Qd7 24.b3 b5 25.axb5 axb5 26.Rxe8+ Rxe8 27.Re1 Rb8 28.Qe2
Kf8 29.Qg4 Qxg4 30.hxg4 Bc3 31.Re3 Bd4 32.Re2 Ra8 33.Be4 Re8 34.Bd3 Rxe2 
35.Bxe2 b4 36.Kg2 Ke7 37.f4 Kf6 38.g5+ Kg7 39.Bb5 f6 40.gxf6+ Kxf6 41.Kf3 
h6 42.Be8 Bc3 43.g4 Bd2 44.Ke4 Bc1 45.Bd7 h5 46.g5+ Ke7 47.Be6 Bd2 48.Bh3 
Bc1 1/2-1/2

[Event "XIII Festival A"]
[Site "Porto San Giorgio ITA"]
[Date "2001.08.25"]
[Round "5"]
[White "Voltolini, Giuseppe"]
[Black "De Poi, Paolo"]
[Result "1-0"]
[WhiteElo "2266"]
[BlackElo "2215"]
[PlyCount "65"]
[EventDate "2001.08.21"]

1.d4 Nf6 2.c4 g6 3.Nc3 Bg7 4.e4 d6 5.Nf3 O-O 6.Be2 e5 7.O-O Nc6 8.d5 Ne7 
9.Ne1 Nd7 10.Be3 f5 11.f3 f4 12.Bf2 g5 13.b4 Nf6 14.c5 Ng6 15.cxd6 cxd6 
16.Rc1 Rf7 17.a4 h5 18.a5 g4 19.Nb5 g3 20.Bxa7 gxh2+ 21.Kxh2 Bf8 22.Rh1 
Ne8 23.Bf2 h4 24.Na3 h3 25.Rxc8 Qxc8 26.gxh3 Rh7 27.Bf1 Qc3 28.Nec2 Be7 
29.Be1 Qb2 30.Nc4 Qa2 31.Nb6 Bh4 32.Bc4 Bg3+ 33.Kg1 1-0

[Event "XIII Festival A"]
[Site "Porto San Giorgio ITA"]
[Date "2001.08.26"]
[Round "6"]
[White "Aleksic, Nenad"]
[Black "Bruno, Fabio"]
[Result "1/2-1/2"]
[WhiteElo "2416"]
[BlackElo "2260"]
[PlyCount "47"]
[EventDate "2001.08.21"]

1.e4 c5 2.Nf3 Nc6 3.d4 cxd4 4.Nxd4 Qb6 5.Nb3 Nf6 6.Nc3 e6 7.Bd3 a6 8.Be3 
Qc7 9.f4 d6 10.Qf3 b5 11.O-O-O Bb7 12.Kb1 Rc8 13.Rhe1 Nb4 14.f5 e5 15.Bg5 
Nxd3 16.Qxd3 b4 17.Nd5 Nxd5 18.exd5 f6 19.Bd2 Qb6 20.Re4 a5 21.Be3 Qc7 22.
Rc1 Be7 23.c3 bxc3 24.Rxc3 1/2-1/2

[Event "XIII Festival A"]
[Site "Porto San Giorgio ITA"]
[Date "2001.08.26"]
[Round "6"]
[White "Ambrosi, Eleonora"]
[Black "Della Pietra, Andrea"]
[Result "1/2-1/2"]
[WhiteElo "2078"]
[BlackElo "2186"]
[PlyCount "29"]
[EventDate "2001.08.21"]

1.e4 e6 2.d4 d5 3.Nc3 Bb4 4.Ne2 Nf6 5.Bg5 h6 6.Bxf6 Qxf6 7.a3 Bxc3+ 8.Nxc3
dxe4 9.Nxe4 Qe7 10.Bd3 O-O 11.O-O Nc6 12.c3 b6 13.f4 Bb7 14.Qh5 Rad8 15.
Rad1 1/2-1/2

[Event "XIII Festival A"]
[Site "Porto San Giorgio ITA"]
[Date "2001.08.26"]
[Round "6"]
[White "Bottino, Alexiei"]
[Black "Faraoni, Enrico"]
[Result "0-1"]
[WhiteElo "2117"]
[BlackElo "2173"]
[PlyCount "60"]
[EventDate "2001.08.21"]

1.d4 g6 2.c4 Bg7 3.Nc3 Nf6 4.e4 d6 5.Nf3 O-O 6.Be2 e5 7.d5 Nbd7 8.Bg5 h6 
9.Bh4 g5 10.Bg3 Nh5 11.h4 Nf4 12.hxg5 hxg5 13.Bxf4 exf4 14.Rh5 g4 15.Nd4 
Ne5 16.Qd2 Ng6 17.O-O-O Be5 18.Rxe5 dxe5 19.Nf5 Qg5 20.Rh1 Re8 21.Bxg4 
Bxf5 22.Bxf5 Kg7 23.f3 Rh8 24.Rxh8 Rxh8 25.Bh3 Qe7 26.Qf2 b6 27.Qc2 Nh4 
28.Qa4 Nxf3 29.Qc6 Nd4 30.Qb7 f3 0-1

[Event "XIII Festival A"]
[Site "Porto San Giorgio ITA"]
[Date "2001.08.26"]
[Round "6"]
[White "Cocchi, Andrea"]
[Black "Del Dotto, Riccardo"]
[Result "1/2-1/2"]
[WhiteElo "2270"]
[BlackElo "2175"]
[PlyCount "117"]
[EventDate "2001.08.21"]

1.Nf3 d5 2.b3 Nf6 3.Bb2 Bf5 4.e3 e6 5.Be2 h6 6.O-O Be7 7.d3 O-O 8.Nbd2 
Nbd7 9.Re1 a5 10.a3 c6 11.Bf1 Bh7 12.Qe2 Nc5 13.Ne5 Nfd7 14.f4 f6 15.Ng4 
f5 16.Ne5 Nxe5 17.Bxe5 Nd7 18.Bb2 Bf6 19.Bxf6 Qxf6 20.d4 Bg6 21.c4 b6 22.
b4 Qe7 23.c5 Rfb8 24.Qd3 b5 25.Nb3 a4 26.Na5 Ra6 27.Qd1 Nf6 28.Be2 Ne4 29.
Bd3 Nf6 30.Be2 Ne4 31.Qd3 Qh4 32.Rf1 Bh5 33.Bf3 Bxf3 34.gxf3 Nf6 35.Ra2 
Kh7 36.Rg2 Ng8 37.Kh1 Ne7 38.Rfg1 g6 39.Rg3 Ra7 40.Qf1 Rd7 41.Qg2 Qf6 42.
Qe2 Rdd8 43.Qf2 Rd7 44.Rh3 Rc8 45.Rg5 Kg7 46.Rg2 Kh7 47.Kg1 Ra8 48.Qf1 Rb8
49.Kf2 Rdd8 50.Qg1 Rd7 51.Rgg3 Rc8 52.Qf1 Rb8 53.Ke1 Rdd8 54.Rg2 Rf8 55.
Rhg3 Rg8 56.Qg1 Rbd8 57.Nb7 Rb8 58.Nd6 Nc8 59.Nxc8 1/2-1/2